000 00503nam a2200181Ia 4500
008 240729s9999 xx 000 0 und d
022 _a2508-9056
245 0 _aExercise Medicine
260 _aKorea, Republic of
260 _bSapientia Publishing Group
650 _a Internal medicine
650 _a Special situations and conditions
650 _a Sports medicine
650 _aMedicine
856 _uhttps://doaj.org/toc/0c7b64b53e644b83b4498126308d83c0
942 _2ddc
942 _cDOAJEJ
999 _c73435
_d73435
945 _a1
_bMadushi Gamage
_c1
_dMadushi Gamage